| 000 | 00968nam0a2200241 4500 | ||
|---|---|---|---|
| 001 | RU\NLR\BIBL_A\012851950 | ||
| 005 | 20250624182855.0 | ||
| 035 | _a(NLR Aleph) 012851950 | ||
| 090 |
_a13310819 _c13310819 |
||
| 100 | _a20220721d1964 |||y0rusy50 ca | ||
| 101 | 0 | _aaze | |
| 102 | _aAZ | ||
| 105 | _ay z 000 y | ||
| 200 | 1 |
_aПионер тәшкилаты коммунист тәрбиjәсинин ибтидаи мәктәбидир _fР. Рәһимова |
|
| 210 |
_aБакы _cАзәртәдриснәшр _d1964 |
||
| 215 |
_a38, [1] c. _d20 |
||
| 541 | 1 |
_6z01790 _aПионерская организация -начальная школа коммунистического воспитания _zrus |
|
| 700 | 1 |
_aРәһимова _bР. Р. _gРаһилә Рәһим гызы _4070 |
|
| 790 | 1 |
_6z01541 _aРагимова _bР. Р. _gРагиля Рагимовна _4070 |
|
| 852 |
_aNLR _bОНЛ _jАзерб./2-13062 |
||
| 942 | _cBOOK | ||
| 980 | _aNB | ||